| 000 | 004800000a22001810004500 | ||
|---|---|---|---|
| 001 | 003989 | ||
| 003 | MACL | ||
| 005 | 20150707160552.0 | ||
| 008 | 150707b xxu||||| |||| 00| 0 eng d | ||
| 040 |
_aMACL _cMACL |
||
| 041 | _aEnglish | ||
| 100 |
_aAurobindo, Shri _91288 |
||
| 245 |
_aMother's Agenda _bVolume 10 1969 _cShri Aurobindo |
||
| 260 |
_aInstitute De Recherches Evolutives, _c1998 _bMysore |
||
| 350 | _a220 | ||
| 650 |
_aSocial Science _91289 |
||
| 942 |
_k307 _cBK _2ddc |
||
| 999 |
_c15882 _d15882 |
||